The housebuilder's bible (Record no. 114277)
[ view plain ]
| 000 -LEADER | |
|---|---|
| fixed length control field | 01453cam a22002655a 4500 |
| 001 - CONTROL NUMBER | |
| control field | L156495 |
| 008 - FIXED-LENGTH DATA ELEMENTS--GENERAL INFORMATION | |
| fixed length control field | 170712s2012 xxk f 001 0 eng d |
| 020 ## - INTERNATIONAL STANDARD BOOK NUMBER | |
| International Standard Book Number | 9781905959440 |
| 035 ## - SYSTEM CONTROL NUMBER | |
| System control number | (Sirsi) u156495 |
| 041 0# - LANGUAGE CODE | |
| Language code of text/sound track or separate title | eng |
| 050 04 - LIBRARY OF CONGRESS CALL NUMBER | |
| Classification number | 690 $2 18 |
| 100 1# - MAIN ENTRY--PERSONAL NAME | |
| Personal name | Brinkley, Mark |
| 245 04 - TITLE STATEMENT | |
| Title | The housebuilder's bible |
| 250 ## - EDITION STATEMENT | |
| Edition statement | 9th ed. |
| 260 ## - PUBLICATION, DISTRIBUTION, ETC. | |
| Place of publication, distribution, etc. | Czech Republic |
| Name of publisher, distributor, etc. | Ovolo Books |
| Date of publication, distribution, etc. | 2011 |
| 300 ## - PHYSICAL DESCRIPTION | |
| Extent | 424 p. |
| Other physical details | ill |
| Dimensions | 24cm |
| 505 2# - FORMATTED CONTENTS NOTE | |
| Formatted contents note | Before you start -- The benchmark house -- Pitfalls -- Design -- Project management -- Groundworks -- Superstructure -- Heating &plumbing -- wiring -- finishes -- Room by room -- Adding extra space -- Shopping -- Green issues -- Apocrypha. |
| 520 ## - SUMMARY, ETC. | |
| Summary, etc. | This new edition has been completely redesigned with new tables and improved illustrations. The author is an experienced house builder and renovator and much of the detail in the book is drawn from trade experience. The ninth edition has been fully revised and updated to reflect recent changes in prices, Building Regulations and other legislation. It also includes an expanded green building section, more information on extensions and a snagging list. It's an ideal companion for anybody, self builder or professional, who wants to know more about building well and on a budget. |
| 521 ## - TARGET AUDIENCE NOTE | |
| Target audience note | Advanced |
| 650 24 - SUBJECT ADDED ENTRY--TOPICAL TERM | |
| Topical term or geographic name entry element | Construction management |
| 9 (RLIN) | 6230 |
| 651 #4 - SUBJECT ADDED ENTRY--GEOGRAPHIC NAME | |
| Geographic name | United Kingdom |
| Chronological subdivision | |
| 690 ## - LOCAL SUBJECT ADDED ENTRY--TOPICAL TERM (OCLC, RLIN) | |
| Topical term or geographic name as entry element | Design and specification |
| 942 ## - ADDED ENTRY ELEMENTS (KOHA) | |
| Suppress in OPAC | 0 |
| Withdrawn status | Lost status | Source of classification or shelving scheme | Damaged status | Not for loan | Home library | Current library | Shelving location | Date acquired | Cost, normal purchase price | Total Checkouts | Full call number | Barcode | Date last seen | Copy number | Cost, replacement price | Price effective from | Koha item type |
|---|---|---|---|---|---|---|---|---|---|---|---|---|---|---|---|---|---|
| Dewey Decimal Classification | London | London | Basement | 17/07/2012 | 25.00 | BASEMENT 61 | 30077446 | 06/08/2019 | 1 | 25.00 | 06/08/2019 | Book |